000 00425nam a2200181Ia 4500
001 17613
005 20260306171530.0
008 260306s9999||||xx |||||||||||||| ||und||
041 _aESP
082 _a658.1
_bF81 2014
100 _aFranklin Fincowsky, Enrique Benjamín
_eAUT
245 0 _aOrganización de empresas
260 _c2014
300 _a
_c
650 _aGEN
654 _aCAN
942 _cLIB
_dJUS
_fJUS
_2ddc
_n
999 _c17613
_d17613